000 nam a22 7a 4500
999 _c356137
_d356137
003 NUST
005 20180124122145.0
008 180124b xxu||||| |||| 00| 0 eng d
040 _c0
082 _a03 MAN
245 _aTSS Portable Handheld Instrument for Turbidity/Suspended Solids:
_bUser Manual
250 _a2nd ed.
260 _aGermany
_bHach Lange
_c2008
300 _a33p.
500 _aphotocopy
942 _2ddc
_cBK
_kIESE